000 00473nam a2200181Ia 4500
008 230711s9999||||xx |||||||||||||| ||und||
020 _a978-81-315-0541-0
041 _aENG
082 _a658
_bWI-P
100 _aWisner,Joel D
245 0 _aPrinciples of supply chain management a balanced approach
250 _a1st . Ed.
260 _c2005
_aDelhi
_bCengage Learning
300 _a504
650 _aUNIVESITY BUSNIESS SCHOOL
700 _aLeong G.Keong
942 _cBK
999 _c5603
_d5603